| 000 | 00552nam a22002057a 4500 | ||
|---|---|---|---|
| 999 |
_c8128 _d8128 |
||
| 003 | OSt | ||
| 005 | 20230403103919.0 | ||
| 008 | 230403b ||||| |||| 00| 0 eng d | ||
| 020 | _a0683306766 | ||
| 040 | _cDDC | ||
| 082 | _aWG 300G!& 1999. | ||
| 100 |
_aGotto,M.Antonia;Pownall,J.Henry; _916595 |
||
| 245 | _aManual of Lipid Disorders. | ||
| 250 | _a2nd ed | ||
| 260 |
_aPhiladelphia, _bWilliam& Wilkins; _c1999. |
||
| 300 |
_axii,402p; _bill, _c17cm. |
||
| 504 | _aincludes index and references. | ||
| 650 |
_aMedicine. _9324 |
||
| 942 |
_2z _cO_SHELF |
||